[Event "St Petersburg June op"]
[Site "St Petersburg"]
[Date "2008.06.24"]
[Round "4"]
[White "Karalkin, Maksim"]
[Black "Usov, Ilia Nik"]
[Result "1-0"]
[WhiteElo "2261"]
[BlackElo "2017"]
[PlyCount "49"]
[EventDate "2008.06.21"]
[EventType "swiss"]
[EventRounds "9"]
[EventCountry "RUS"]
[SourceTitle "CBM 125 Extra"]
[Source "ChessBase"]
[SourceDate "2008.09.01"]
[SourceVersion "1"]
[SourceVersionDate "2008.09.01"]
[SourceQuality "1"]

1. e4 e5 2. Nf3 Nc6 3. Bb5 a6 4. Bxc6 bxc6 5. d4 exd4 6. Nxd4 Nf6 7. 0-0 c5 8. Nf5 d5 9. Ng3 dxe4 10. Qxd8+ Kxd8 11. Nc3 Bb7 12. Bg5 Kc8 13. Rfe1 h6 14. Bxf6 gxf6 15. Ncxe4 c4 16. c3 Bc6 17. Nxf6 Rb8 18. Re2 Rb5 19. Rd1 Bc5 20. Nf5 Rb6 21. Nd5 Rb5 22. Nde7+ Kb7 23. Nxc6 Kxc6 24. Nd4+ Bxd4 25. Rxd4 1-0

[Event "Moscow op-A 04th"]
[Site "Moscow"]
[Date "2008.02.02"]
[Round "1"]
[White "Usov, Ilia Nik"]
[Black "Borisenko, Andrei"]
[Result "0-1"]
[WhiteElo "2028"]
[BlackElo "2420"]
[PlyCount "106"]
[EventDate "2008.02.02"]
[EventType "swiss"]
[EventRounds "9"]
[EventCountry "RUS"]
[SourceTitle "CBM 122 Extra"]
[Source "ChessBase"]
[SourceDate "2008.03.04"]
[SourceVersion "1"]
[SourceVersionDate "2008.03.04"]
[SourceQuality "1"]

1. d4 Nf6 2. c4 c5 3. d5 e5 4. Nc3 d6 5. e4 h5 6. Bd3 h4 7. f3 Be7 8. Be3 Nbd7 9. Qd2 Nf8 10. 0-0-0 a6 11. Nge2 Ng6 12. g3 Bd7 13. Kb1 Qa5 14. Nc1 b5 15. N3e2 Qc7 16. Ka1 Rb8 17. Nc3 Bd8 18. Qg2 Qb7 19. Nb3 Nh7 20. f4 Bf6 21. f5 Ngf8 22. gxh4 bxc4 23. Na5 Qc7 24. Nxc4 Bb5 25. Na3 c4 26. Be2 Nd7 27. Bg5 Ke7 28. Rhg1 Nhf8 29. Qf2 Nb6 30. Naxb5 axb5 31. Nxb5 Qb7 32. Rd2 Nfd7 33. Rc1 Rhc8 34. Na3 c3 35. Rxc3 Rxc3 36. bxc3 Ra8 37. Nb5 Nc5 38. Rb2 Nba4 39. Rb1 Nxe4 40. Qe3 Nac5 41. c4 Qa6 42. a3 Qa4 43. Ka2 Rb8 44. Rb4 Qc2+ 45. Rb2 Qa4 46. Qc1 Bxg5 47. hxg5 Rh8 48. Rb4 Rxh2 49. Rxa4 Rxe2+ 50. Ka1 Nxa4 51. Qb1 Nec5 52. f6+ gxf6 53. gxf6+ Kd7 0-1

[Event "Voronezh op-B"]
[Site "Voronezh"]
[Date "2006.06.14"]
[Round "3"]
[White "Usov, Ilia Nik"]
[Black "Savkina, Ekaterina"]
[Result "1-0"]
[WhiteElo "2224"]
[BlackElo "1905"]
[PlyCount "65"]
[EventDate "2006.06.12"]
[EventType "swiss"]
[EventRounds "9"]
[EventCountry "RUS"]
[SourceTitle "EXT 2007"]
[Source "ChessBase"]
[SourceDate "2006.11.23"]
[SourceVersion "1"]
[SourceVersionDate "2006.11.23"]
[SourceQuality "1"]

1. d4 Nf6 2. c4 g6 3. Nc3 Bg7 4. e4 d6 5. f3 0-0 6. Be3 e5 7. d5 a5 8. Qd2 Nfd7 9. Bd3 Na6 10. 0-0-0 Nac5 11. Bc2 Nb6 12. Qe2 Na6 13. g4 Bd7 14. h4 Nb4 15. Bb1 Na4 16. Nb5 Na6 17. Na3 Qe8 18. h5 N6c5 19. Qh2 f6 20. hxg6 hxg6 21. Qh7+ Kf7 22. Bh6 Rg8 23. g5 fxg5 24. Rf1 Qf8 25. f4 exf4 26. Bxg5 Rh8 27. Rxf4+ Bf5 28. exf5 Rxh7 29. fxg6+ Kg8 30. gxh7+ Kh8 31. Rxf8+ Rxf8 32. Be3 Nxb2 33. Kd2 1-0

[Event "Ufa op"]
[Site "Ufa"]
[Date "2006.??.??"]
[Round "11"]
[White "Khannanov, Rais"]
[Black "Usov, Ilia Nik"]
[Result "1-0"]
[WhiteElo "2125"]
[BlackElo "2090"]
[PlyCount "129"]
[EventDate "2006.??.??"]
[EventType "swiss"]
[EventRounds "11"]
[EventCountry "RUS"]
[SourceTitle "EXT 2008"]
[Source "ChessBase"]
[SourceDate "2007.11.25"]
[SourceVersion "1"]
[SourceVersionDate "2007.11.25"]
[SourceQuality "1"]

1. d4 Nf6 2. c4 g6 3. Nc3 Bg7 4. e4 0-0 5. h3 c5 6. d5 b5 7. cxb5 a6 8. a4 d6 9. Bd2 Nfd7 10. Nf3 f5 11. exf5 Rxf5 12. Bd3 Ne5 13. Bxf5 Bxf5 14. Nxe5 Bxe5 15. 0-0 Nd7 16. Qe2 Nf6 17. Rfe1 Kh8 18. f4 Bd4+ 19. Be3 Ra7 20. bxa6 Bxc3 21. bxc3 Nxd5 22. Qd2 Qa8 23. g4 Bc8 24. Qb2 Kg8 25. Rad1 Bxa6 26. f5 Bb7 27. fxg6 hxg6 28. c4 Nb4 29. Bxc5 Nc6 30. Bxa7 Qxa7+ 31. Qf2 Qxa4 32. Ra1 Qxc4 33. Qa2 Qxa2 34. Rxa2 Kf7 35. Rb2 Bc8 36. Rf2+ Ke8 37. Rf6 Ne5 38. Rxe5 dxe5 39. Rxg6 Kf7 40. Rc6 Bd7 41. Rb6 Ba4 42. Kf2 e6 43. h4 Bd1 44. g5 Bh5 45. Kg3 Be2 46. Rb8 Bh5 47. Rb5 e4 48. Kf4 Bd1 49. Re5 Bh5 50. Rxe4 Bd1 51. Ke5 Bc2 52. Rf4+ Kg7 53. Rf6 Bd1 54. Rxe6 Bg4 55. Rb6 Kf7 56. Kf4 Be2 57. Rd6 Ke7 58. Rf6 Bd1 59. Rf5 Bc2 60. Rf6 Bd1 61. Ke5 Bc2 62. h5 Bd3 63. h6 Bh7 64. g6 Bg8 65. h7 1-0